000 00675nam a2200289Ia 4500
005 20260324141236.0
008 008 260324s9999 xx 000 0 eng d
020 _a9780203138137
037 _aEBOOK
040 _aCRL
040 _beng
040 _cCRL
041 _2eng
041 _aeng
084 _qCRL
100 _aJacqui Dean; Jon Nichol
_91207454
245 0 _aHistory 7-11
245 0 _bDeveloping Primary Teaching Skills
260 _bTaylor and Francis
260 _c1997
365 _a
365 _b230
856 _uhttp://www.taylorfrancis.com/books/9780203138137
942 _cEBOOK
999 _c1810336
_d1810336